| 000 | 00545nam a2200193 4500 | ||
|---|---|---|---|
| 001 | 115893 | ||
| 003 | ES-MaACL | ||
| 005 | 20231228173808.0 | ||
| 007 | t| | ||
| 008 | 061121s1950 ag r ||||1| spa d | ||
| 100 | 1 |
_aOrs, Eugenio d', _d1881-1954 _987358 |
|
| 245 | 1 | 3 |
_aLa palabra en la onda / _cEugenio d'Ors. |
| 260 |
_aBuenos Aires : _bSudamericana, _c1950. |
||
| 300 |
_a294 p. ; _c17 cm. |
||
| 490 | 1 | _aEnsayos breves | |
| 830 | 0 |
_aEnsayos breves _9184041 |
|
| 852 |
_aES-MaACL _jD-7964 _bR.31997 |
||
| 999 |
_c115893 _d115893 |
||